[Event "DM Hurtigskak 2024"]
[Site "Helsingor"]
[Date "2024.08.31"]
[Round "5.8"]
[White "Pedersen, Gunnar"]
[Black "Gregor, Bjarke"]
[Result "0-1"]
[WhiteElo "2187"]
[BlackElo "2109"]
[EventDate "2024.08.31"]
[EventType "swiss"]
[EventRounds "9"]
[EventCountry "DEN"]
[SourceTitle "Live v. Kasper Jerwiarz"]

1. e4 c6 2. d4 d5 3. e5 Bf5 4. g4 Bd7 5. Nc3 Nh6 6. h3 e6 7. Be3 Qc7 8. Qd2 c5 9. Nb5 Bxb5 10. Bxb5+ Nc6 11. f4 a6 12. Bxc6+ Qxc6 13. Nf3 c4 14. c3 Be7 15. Bf2 Ng8 16. O-O-O b5 17. Qc2 a5 18. Kd2 b4 19. Ke3 a4 20. cxb4 Bxb4 21. Be1 Rb8 22. Bc3 Ne7 23. h4 h5 24. f5 hxg4 25. Ng5 Nxf5+ 26. Kf4 Bxc3 27. Qxc3 Qb6 28. Rd2 Qd8 29. Qa3 Rxh4 30. Rxh4 Nxh4 31. Kxg4 Ng6 32. Rf2 f5+ 33. exf6 gxf6 34. Nxe6 f5+ 35. Kxf5 Qd7 36. Qe3 Rb6 37. Rh2 Ne7+ 38. Kf6 Ng8+ 39. Kf5 Qf7+ 40. Kg4 Qxe6+ 41. Qxe6+ Rxe6 42. Rh8 Kf7 43. Rh7+ Kg6 44. Ra7 Re4+ 45. Kf3 Rxd4 46. Rxa4 Kf5 47. b4 c3 48. Ra3 Rc4 49. Ke4+ 0-1

[Event "DM Hurtigskak 2024"]
[Site "Helsingor"]
[Date "2024.08.31"]
[Round "5.9"]
[White "Bjerre, Tavs"]
[Black "Hector, Jonny"]
[Result "0-1"]
[WhiteElo "2017"]
[BlackElo "2498"]
[EventDate "2024.08.31"]
[EventType "swiss"]
[EventRounds "9"]
[EventCountry "DEN"]
[SourceTitle "Live v. Kasper Jerwiarz"]

1. d4 d5 2. c4 e6 3. Nc3 c5 4. e3 Nf6 5. Nf3 a6 6. a3 dxc4 7. Bxc4 b5 8. Be2 Bb7 9. O-O Nc6 10. dxc5 Bxc5 11. b4 Bb6 12. Bb2 Qe7 13. Qb3 O-O 14. Rfd1 e5 15. Nd5 Nxd5 16. Qxd5 e4 17. Ng5 Nd4 0-1

[Event "DM Hurtigskak 2024"]
[Site "Helsingor"]
[Date "2024.08.31"]
[Round "5.10"]
[White "Ostergaard, Jens"]
[Black "Sorensen, Reto Utiger"]
[Result "1/2-1/2"]
[WhiteElo "2222"]
[BlackElo "2049"]
[EventDate "2024.08.31"]
[EventType "swiss"]
[EventRounds "9"]
[EventCountry "DEN"]
[SourceTitle "Live v. Kasper Jerwiarz"]

1. d4 Nf6 2. Nf3 d6 3. c4 g6 4. Nc3 Bg7 5. e4 O-O 6. Be2 Nc6 7. O-O e5 8. Be3 Ng4 9. Bg5 f6 10. Bc1 Nh6 11. d5 Ne7 12. b4 b6 13. Nd2 f5 14. c5 f4 15. Nc4 g5 16. f3 Rf6 17. a4 Rg6 18. h3 Kh8 19. a5 bxc5 20. bxc5 Neg8 21. Ba3 Nf7 22. Rc1 Rh6 23. Rf2 Qf6 24. Bf1 Qg6 25. cxd6 cxd6 26. Nb5 Bf8 27. Nc7 Rb8 28. Ne6 Be7 29. Rb1 Rxb1 30. Qxb1 Bxe6 31. dxe6 Qxe6 32. Qb7 Nf6 33. Qxa7 g4 34. fxg4 Nxe4 35. Qa8+ Kg7 36. Qxe4 d5 37. Qc2 dxc4 38. Bxc4 Qd7 39. Bxe7 Qxe7 40. Bxf7 Qxf7 41. Re2 Qa7+ 42. Kh2 Qxa5 43. Qf5 Rf6 44. Qxe5 Qxe5 45. Rxe5 f3 46. gxf3 Rxf3 47. Kg2 Ra3 48. Rf5 Kg6 49. Rf3 Ra4 50. Kg3 Ra1 51. Rb3 Ra6 52. Rb8 h6 53. Kh4 Rd6 54. Rb3 Ra6 55. Kg3 Rd6 56. h4 Ra6 57. Rb4 Rc6 58. Kf4 Rf6+ 59. Ke4 Re6+ 60. Kf3 Rf6+ 61. Rf4 Rc6 62. h5+ Kg7 63. Ra4 Rf6+ 64. Kg3 Rb6 65. Ra7+ Kf6 66. Kh4 Rb1 67. Rh7 Rh1+ 68. Kg3 Rg1+ 69. Kf3 Kg5 70. Rg7+ Kh4 71. Rg6 Rf1+ 72. Ke4 Rf8 73. Rxh6 Kxg4 74. Rg6+ Kxh5 1/2-1/2

[Event "DM Hurtigskak 2024"]
[Site "Helsingor"]
[Date "2024.08.31"]
[Round "6.1"]
[White "Hove, Esben Kjems"]
[Black "Bjerre, Jonas Buhl"]
[Result "0-1"]
[WhiteElo "2305"]
[BlackElo "2475"]
[EventDate "2024.08.31"]
[EventType "swiss"]
[EventRounds "9"]
[EventCountry "DEN"]
[SourceTitle "Live v. Kasper Jerwiarz"]

1. d4 Nf6 2. Nf3 d5 3. Bf4 c5 4. e3 Nc6 5. c3 Qb6 6. Qb3 c4 7. Qc2 Bf5 8. Qc1 e6 9. h3 Be7 10. Nbd2 h6 11. Be2 O-O 12. O-O Rac8 13. Bd1 Qd8 14. Bc2 b5 15. Re1 b4 16. e4 dxe4 17. Nxe4 Nxe4 18. Bxe4 Bxe4 19. Rxe4 Qd5 20. Qe1 a5 21. Ne5 a4 22. Nxc6 Qxc6 23. cxb4 Bxb4 24. Qe2 Rfd8 25. a3 Bd6 26. Bd2 Qd5 27. Bc3 Rb8 28. Re3 Rb3 29. Qg4 Qg5 30. Qe4 Qf4 31. g3 Qxe4 32. Rxe4 Bc7 33. Kg2 Rd5 34. Re3 Bb6 35. Rd1 Kf8 36. Re5 Rbb5 37. f4 Ke8 38. Kf3 Kd7 39. Re4 Rb3 40. Re3 f6 41. Rd2 g5 42. h4 gxh4 43. gxh4 Rf5 44. Ke4 Bc7 45. Rf3 Kc6 46. Rg2 Rh5 47. Rg6 f5+ 48. Ke3 Kd5 49. Rg7 Bd6 50. Ra7 Bxa3 51. Ra5+ Kd6 52. Ra6+ Kd7 53. Ra7+ Kc6 54. Rxa4 Bxb2 55. Rxc4+ Kd6 56. Kd3 Rxc3+ 57. Rxc3 Bxc3 58. Kxc3 Rxh4 59. Kc4 h5 60. Rf1 Rg4 61. Kd3 0-1

[Event "DM Hurtigskak 2024"]
[Site "Helsingor"]
[Date "2024.08.31"]
[Round "6.2"]
[White "Hansen, Sune Berg"]
[Black "Thybo, Jesper Sondergaard"]
[Result "1-0"]
[WhiteElo "2576"]
[BlackElo "2484"]
[EventDate "2024.08.31"]
[EventType "swiss"]
[EventRounds "9"]
[EventCountry "DEN"]
[SourceTitle "Live v. Kasper Jerwiarz"]

1. Nf3 c5 2. c4 Nf6 3. Nc3 e6 4. e3 a6 5. d4 d5 6. a3 dxc4 7. Bxc4 b5 8. Ba2 Bb7 9. O-O Be7 10. Qe2 O-O 11. dxc5 Bxc5 12. e4 Nbd7 13. Bf4 Nh5 14. Bg5 Be7 15. Be3 Qb8 16. Rfd1 Rd8 17. Ng5 Nhf6 18. f4 h6 19. Nxe6 fxe6 20. Bxe6+ Kh8 21. e5 Nxe5 22. fxe5 Qxe5 23. Bd4 Qg5 24. Be3 Bc5 25. Bxc5 Qxc5+ 26. Qf2 Qg5 27. Bh3 Nh5 28. Rxd8+ Rxd8 29. Rf1 Qe7 30. Re1 Qd6 31. Qf7 Qd4+ 32. Kh1 Qh4 33. Re8+ 1-0

[Event "DM Hurtigskak 2024"]
[Site "Helsingor"]
[Date "2024.08.31"]
[Round "6.3"]
[White "Meskenas, Paulius"]
[Black "Jacobsen, Mikkel Manosri"]
[Result "1-0"]
[WhiteElo "2204"]
[BlackElo "2262"]
[EventDate "2024.08.31"]
[EventType "swiss"]
[EventRounds "9"]
[EventCountry "DEN"]
[SourceTitle "Live v. Kasper Jerwiarz"]

1. e4 c5 2. Nf3 Nf6 3. e5 Nd5 4. c4 Nc7 5. d4 cxd4 6. Nxd4 Nc6 7. Nxc6 dxc6 8. Qxd8+ Kxd8 9. Be3 Bf5 10. Nd2 f6 11. exf6 exf6 12. O-O-O Ke8 13. Nb3 b6 14. Nd4 Bd7 15. Bd3 Ne6 16. Nf3 Rd8 17. Rd2 Bb4 18. Re2 Kf7 19. Rd1 Rhe8 20. a3 Bc5 21. Bxc5 Nxc5 22. Rxe8 Rxe8 23. Bxh7 Re2 24. Bc2 Be6 25. b4 Ne4 26. Nd4 Rxc2+ 27. Nxc2 Nxf2 28. Rd6 Ke7 29. Rxc6 Kd7 30. Nd4 Bg8 31. c5 Nd3+ 32. Kd2 Ne5 33. Rd6+ Kc8 34. Kc3 bxc5 35. bxc5 Nc4 36. Ra6 Kb7 37. Ra4 Ne3 38. c6+ Kb6 39. Rb4+ Kc5 40. Rb5+ Kd6 41. Ra5 Nd5+ 42. Kd2 a6 43. Rxa6 Ke5 44. Nf3+ Kd6 45. Ra7 g5 46. Nd4 Kc5 47. c7 Nxc7 48. Rxc7+ Kxd4 49. a4 f5 50. a5 f4 51. Rg7 Bd5 52. Rxg5 1-0

[Event "DM Hurtigskak 2024"]
[Site "Helsingor"]
[Date "2024.08.31"]
[Round "6.4"]
[White "Gregor, Bjarke"]
[Black "Bromann, Thorbjorn"]
[Result "0-1"]
[WhiteElo "2109"]
[BlackElo "2413"]
[EventDate "2024.08.31"]
[EventType "swiss"]
[EventRounds "9"]
[EventCountry "DEN"]
[SourceTitle "Live v. Kasper Jerwiarz"]

1. e4 g6 2. d4 Bg7 3. Nc3 d6 4. Be3 a6 5. a4 b6 6. Qd2 e6 7. h4 h6 8. f3 Nd7 9. Nd1 Bb7 10. Bd3 Ne7 11. g4 c5 12. c3 Bc6 13. Ne2 b5 14. a5 Bb7 15. b4 Rc8 16. Rc1 Nc6 17. Kf2 Qe7 18. Rb1 cxb4 19. cxb4 d5 20. e5 Bf8 21. Ndc3 Nxb4 22. Bxb5 Qd8 23. Bxd7+ Qxd7 24. Rhc1 Be7 25. Kg2 h5 26. g5 O-O 27. Nf4 Rc4 28. Nce2 Rfc8 29. Rxc4 Rxc4 30. Rxb4 Bxb4 31. Qd3 Qe8 32. Ng3 Rc3 33. Qb1 Qb5 34. Nxg6 Rxe3 35. Nf4 Be1 36. Qd1 0-1

[Event "DM Hurtigskak 2024"]
[Site "Helsingor"]
[Date "2024.08.31"]
[Round "6.5"]
[White "Larsen, Karsten"]
[Black "Pedersen, Daniel Vesterbaek"]
[Result "0-1"]
[WhiteElo "2235"]
[BlackElo "2240"]
[EventDate "2024.08.31"]
[EventType "swiss"]
[EventRounds "9"]
[EventCountry "DEN"]
[SourceTitle "Live v. Kasper Jerwiarz"]

1. e4 c5 2. Nf3 d6 3. Bb5+ Nd7 4. c3 a6 5. Ba4 Ngf6 6. Bc2 b5 7. O-O Bb7 8. Re1 e6 9. d4 Be7 10. Nbd2 Qc7 11. Nf1 O-O 12. Ng3 Rfc8 13. Bd3 b4 14. d5 c4 15. dxe6 fxe6 16. Bc2 bxc3 17. bxc3 Qa5 18. Bd2 Rab8 19. Nd4 Nf8 20. Qf3 Ba8 21. Bc1 Rc5 22. h3 Rc7 23. Qe3 Rb6 24. Kh1 Bb7 25. f4 Bc8 26. Qf3 Rb8 27. Rf1 Bd7 28. Nge2 Ng6 29. Ng3 Nh4 30. Qf2 e5 31. Nde2 Ng6 32. f5 Nh8 33. Qf3 Bc6 34. Nh5 Nxh5 35. Qxh5 d5 36. f6 Bxf6 37. exd5 Qxd5 38. Bxh7+ Kf8 39. Ba3+ 0-1

[Event "DM Hurtigskak 2024"]
[Site "Helsingor"]
[Date "2024.08.31"]
[Round "6.6"]
[White "Falkesgaard, Jeppe Hald"]
[Black "Jorgensen, Dennis"]
[Result "1-0"]
[WhiteElo "2189"]
[BlackElo "2197"]
[EventDate "2024.08.31"]
[EventType "swiss"]
[EventRounds "9"]
[EventCountry "DEN"]
[SourceTitle "Live v. Kasper Jerwiarz"]

1. c4 Nf6 2. g3 e6 3. Bg2 d5 4. Nf3 Be7 5. O-O O-O 6. b3 c5 7. cxd5 Nxd5 8. Bb2 Nc6 9. Nc3 Nxc3 10. Bxc3 Bf6 11. Rc1 e5 12. Bb2 Qd6 13. d3 b6 14. Nxe5 Bxe5 15. Bxe5 Qxe5 16. Bxc6 Rb8 17. Bg2 Bg4 18. Re1 Rfe8 19. Qd2 Rbd8 20. Rc4 Qh5 21. Re4 Rxe4 22. Bxe4 f5 23. Bg2 Qf7 24. Qf4 Qf6 25. Bf3 Bxf3 26. Qxf3 g6 27. Qb7 Qc3 28. Kf1 Qa5 29. Qe7 Rf8 30. Qe6+ Kg7 31. a4 Qc3 32. Qc4 Qf6 33. a5 Rd8 34. axb6 axb6 35. Qa6 Qc6 36. Kg1 h5 37. Qc4 Rd4 38. Qc3 Kh7 39. Ra1 Qe6 40. Ra7+ Rd7 41. Rxd7+ Qxd7 42. Qf6 Qb5 43. Qf7+ Kh6 44. h4 Qb4 45. Kg2 Qd4 46. Qc4 Qd7 47. Qf4+ Kh7 48. Qe5 Qf7 49. Qc3 Qd5+ 50. f3 b5 51. b4 cxb4 52. Qxb4 Qe5 53. Kf2 Kg7 54. d4 Qd5 55. Qe7+ Kg8 56. Qc5 Qb7 57. d5 b4 58. d6 b3 59. Qc7 Qd5 60. d7 1-0

[Event "DM Hurtigskak 2024"]
[Site "Helsingor"]
[Date "2024.08.31"]
[Round "6.7"]
[White "Christensen, Janus"]
[Black "Hector, Jonny"]
[Result "1/2-1/2"]
[WhiteElo "2099"]
[BlackElo "2498"]
[EventDate "2024.08.31"]
[EventType "swiss"]
[EventRounds "9"]
[EventCountry "DEN"]
[SourceTitle "Live v. Kasper Jerwiarz"]

1. e4 e5 2. Nf3 Nc6 3. Bc4 Nf6 4. Ng5 d5 5. exd5 Na5 6. Bb5+ Bd7 7. Qe2 Bd6 8. Bxd7+ Qxd7 9. Nc3 c6 10. dxc6 Nxc6 11. O-O Nd4 12. Qd3 Rc8 13. f4 exf4 14. Re1+ Ne6 15. Nce4 Bc5+ 16. Nxc5 Rxc5 17. Qxd7+ Nxd7 18. Nxe6 fxe6 19. d4 Rxc2 20. Bxf4 Kf7 21. Rf1 Nf6 22. Rf2 Rhc8 23. Raf1 Kg6 24. Rxc2 Rxc2 25. Rf2 Rc4 26. Be5 Ng4 27. Rf1 Rc2 28. Rb1 Nxe5 29. dxe5 Kf5 30. Rf1+ Kxe5 31. Rf7 Rxb2 32. Rxg7 h6 33. Rh7 Rxa2 34. Rxb7 a5 35. h4 a4 36. Rh7 a3 37. Rxh6 Rb2 38. Rh5+ Kf4 39. Ra5 a2 40. Kh2 e5 41. h5 e4 42. h6 Rb6 43. Rxa2 Rxh6+ 44. Kg1 Ke3 45. Ra3+ Kd2 46. Ra2+ Kc3 47. Kf2 Kd3 48. Ra3+ Kd2 49. Ra2+ Kd3 50. Ra3+ Kd4 51. Ra4+ Kd3 52. Ra3+ 1/2-1/2

[Event "DM Hurtigskak 2024"]
[Site "Helsingor"]
[Date "2024.08.31"]
[Round "6.8"]
[White "Le Besq, Alexander"]
[Black "Molvig, Henrik"]
[Result "0-1"]
[WhiteElo "2057"]
[BlackElo "2125"]
[EventDate "2024.08.31"]
[EventType "swiss"]
[EventRounds "9"]
[EventCountry "DEN"]
[SourceTitle "Live v. Kasper Jerwiarz"]

1. e4 c5 2. Nf3 d6 3. d4 cxd4 4. Nxd4 Nf6 5. Nc3 a6 6. h3 e5 7. Nf3 Qc7 8. a4 h6 9. Be3 Be6 10. g4 Nbd7 11. g5 hxg5 12. Nxg5 Bc4 13. Bg2 Rc8 14. Qd2 Be7 15. Rg1 g6 16. Rh1 b5 17. a5 b4 18. Nd1 Bb5 19. c3 b3 20. f3 Nh5 21. h4 Bc4 22. Nf2 Qc6 23. Nd3 d5 24. Nb4 Bxb4 25. cxb4 d4 26. Bf2 Nf4 27. Bf1 Qb5 28. Rc1 O-O 29. Nh3 Bxf1 30. Nxf4 Rxc1+ 31. Qxc1 exf4 32. Rxf1 Qxb4+ 33. Qd2 Qb5 34. Bxd4 Ne5 35. Kf2 Rd8 36. Qc3 f6 37. Rg1 Kg7 38. Kg2 Qe2+ 39. Bf2 Nd3 40. Rf1 Rd7 41. Qxb3 Ne5 42. Qb6 Qxf3+ 43. Kg1 Qg4+ 44. Kh1 Qh3+ 0-1

[Event "DM Hurtigskak 2024"]
[Site "Helsingor"]
[Date "2024.08.31"]
[Round "6.9"]
[White "Wahlgreen, Noah Krug"]
[Black "Rosenlund, Thorbjorn"]
[Result "1-0"]
[WhiteElo "2025"]
[BlackElo "2121"]
[EventDate "2024.08.31"]
[EventType "swiss"]
[EventRounds "9"]
[EventCountry "DEN"]
[SourceTitle "Live v. Kasper Jerwiarz"]

1. e4 e5 2. Nf3 d6 3. d4 exd4 4. Nxd4 Nf6 5. Nc3 Be7 6. Bc4 O-O 7. O-O Nxe4 8. Bxf7+ Rxf7 9. Nxe4 d5 10. Ng3 c5 11. Nde2 Nc6 12. c3 Ne5 13. b3 b6 14. Bb2 Bb7 15. Qc2 Qd6 16. Nf5 Qf6 17. Nxe7+ Qxe7 18. Ng3 Raf8 19. Rae1 Qf6 20. Qe2 Ng6 21. Qe6 Qg5 22. Bc1 Nf4 23. Bxf4 Qxf4 24. Nh5 Qg5 25. Re5 Qd2 26. Ng3 d4 27. cxd4 Qxd4 28. Nf5 Qd7 29. Ne7+ Qxe7 30. Qxe7 Rxe7 31. Rxe7 1-0

[Event "DM Hurtigskak 2024"]
[Site "Helsingor"]
[Date "2024.08.31"]
[Round "6.10"]
[White "Hoyer, Jacob K"]
[Black "Ostergaard, Jens"]
[Result "1/2-1/2"]
[WhiteElo "2176"]
[BlackElo "2222"]
[EventDate "2024.08.31"]
[EventType "swiss"]
[EventRounds "9"]
[EventCountry "DEN"]
[SourceTitle "Live v. Kasper Jerwiarz"]

1. d4 Nf6 2. c4 g6 3. Nc3 Bg7 4. Nf3 O-O 5. g3 d6 6. Bg2 Nc6 7. O-O e5 8. d5 Nb8 9. e4 a5 10. Ne1 Na6 11. Nd3 c6 12. b3 cxd5 13. cxd5 Bg4 14. f3 Bd7 15. Be3 b5 16. Rc1 b4 17. Ne2 Bb5 18. Qd2 Nd7 19. Nb2 Nac5 20. Nc4 Qb8 21. Rc2 Ba6 22. Nxa5 Bd3 23. Nc6 Qb5 24. Rb2 f5 25. Rd1 fxe4 26. fxe4 Nf6 27. Nc1 Nfxe4 28. Bxe4 Bxe4 29. Qxb4 Qxb4 30. Nxb4 Bf3 31. Ne2 e4 32. Rc2 Nd3 33. Nxd3 exd3 34. Rxd3 Be4 35. Rdd2 Bxc2 36. Rxc2 Rac8 37. Rd2 Rf3 38. Bf4 Bc3 39. Nxc3 Rfxc3 40. Bxd6 Rc2 41. Rxc2 Rxc2 42. Bf4 Rxa2 43. d6 Kf7 44. h4 Ke6 45. Kf1 Rb2 46. Ke1 Rxb3 47. Kf2 Rd3 48. Ke2 Rd5 49. Ke3 h6 50. Bxh6 Rxd6 51. Bf4 Rd5 52. Ke4 Ra5 53. g4 Kf6 54. Bg5+ Ke6 55. Bf4 Ra4+ 56. Kf3 Ra5 57. Ke4 Ke5+ 1/2-1/2

[Event "DM Hurtigskak 2024"]
[Site "Helsingor"]
[Date "2024.08.31"]
[Round "7.1"]
[White "Bromann, Thorbjorn"]
[Black "Bjerre, Jonas Buhl"]
[Result "0-1"]
[WhiteElo "2413"]
[BlackElo "2475"]
[WhiteFideId "1403893"]
[BlackFideId "1444948"]
[EventDate "2024.08.31"]
[EventType "swiss"]
[EventRounds "9"]
[EventCountry "DEN"]
[SourceTitle "Live v. Kasper Jerwiarz"]

1. d4 Nf6 2. Nc3 d5 3. Bg5 Nbd7 4. Qd3 c6 5. Nf3 h6 6. Bh4 Qa5 7. Nd2 e5 8. Bxf6 Nxf6 9. dxe5 Ng4 10. Nf3 Bc5 11. e3 Qc7 12. Na4 Bb4+ 13. c3 Be7 14. Qd4 f6 15. exf6 Bxf6 16. Qd2 Qa5 17. Qc2 O-O 18. b4 Qc7 19. Nc5 a5 20. Rc1 axb4 21. cxb4 Ra3 22. Be2 Bc3+ 23. Kf1 Bxb4 24. Nd3 Bf5 25. Qb2 Bd6 26. Nb4 Qa5 27. Nc2 Rxa2 28. Qb3 Bxc2 0-1

[Event "DM Hurtigskak 2024"]
[Site "Helsingor"]
[Date "2024.08.31"]
[Round "7.2"]
[White "Meskenas, Paulius"]
[Black "Hansen, Sune Berg"]
[Result "1/2-1/2"]
[WhiteElo "2204"]
[BlackElo "2576"]
[WhiteFideId "12809969"]
[BlackFideId "1400266"]
[EventDate "2024.08.31"]
[EventType "swiss"]
[EventRounds "9"]
[EventCountry "DEN"]
[SourceTitle "Live v. Kasper Jerwiarz"]

1. e4 c6 2. d4 d5 3. Nc3 dxe4 4. Nxe4 Nf6 5. Nxf6+ exf6 6. c3 Bd6 7. Bd3 O-O 8. Qc2 Re8+ 9. Ne2 h5 10. O-O h4 11. h3 Nd7 12. f4 c5 13. Kh1 Qc7 14. d5 c4 15. Bh7+ Kh8 16. Nd4 Nc5 17. Bd2 Bd7 18. Bf5 Re7 19. Rad1 Rae8 20. Bc1 g6 21. Bxd7 Qxd7 22. Qf2 Kg7 23. Qxh4 Rh8 24. Qf2 Nd3 25. Qf3 Bc5 26. b3 Bxd4 27. cxd4 Nxc1 28. Rxc1 cxb3 29. axb3 Rd8 30. Ra1 b6 31. f5 Qxd5 32. fxg6 Qxf3 33. Rxf3 fxg6 34. Rd3 Rd5 35. Ra4 Red7 36. Kh2 f5 37. Kg3 b5 38. Ra5 a6 39. Rxa6 Rxd4 40. Rc3 Rd3+ 41. Rxd3 Rxd3+ 42. Kh4 Kh6 43. g4 fxg4 44. hxg4 Rd4 45. b4 Re4 46. Rc6 Rxb4 47. Rb6 Rb1 48. g5+ Kg7 49. Rb7+ Kf8 50. Kg4 Rg1+ 51. Kh4 Rb1 52. Kg4 b4 53. Rb8+ Ke7 54. Rb7+ Kd6 55. Rb6+ Kc5 56. Rxg6 b3 57. Rg8 Rg1+ 58. Kf5 b2 59. Rb8 b1=Q+ 60. Rxb1 Rxb1 61. g6 Kd6 62. g7 Rg1 63. Kf6 Kd7 64. Kf7 Rf1+ 65. Kg6 Rg1+ 66. Kf7 Rf1+ 67. Kg6 Ke7 68. g8=Q Rg1+ 69. Kh7 Rxg8 70. Kxg8 1/2-1/2

[Event "DM Hurtigskak 2024"]
[Site "Helsingor"]
[Date "2024.08.31"]
[Round "7.3"]
[White "Pedersen, Daniel Vesterbaek"]
[Black "Falkesgaard, Jeppe Hald"]
[Result "0-1"]
[WhiteElo "2240"]
[BlackElo "2189"]
[WhiteFideId "1402161"]
[BlackFideId "1464981"]
[EventDate "2024.08.31"]
[EventType "swiss"]
[EventRounds "9"]
[EventCountry "DEN"]
[SourceTitle "Live v. Kasper Jerwiarz"]

1. e4 c5 2. Nf3 Nc6 3. d4 cxd4 4. Nxd4 Nf6 5. Nc3 e5 6. Ndb5 d6 7. Bg5 a6 8. Na3 b5 9. Nd5 Be7 10. Bxf6 Bxf6 11. c3 O-O 12. Nc2 Be6 13. h4 Bxd5 14. exd5 Ne7 15. g4 g6 16. g5 Bg7 17. Ne3 h5 18. gxh6 Bxh6 19. h5 Bxe3 20. fxe3 Nf5 21. hxg6 fxg6 22. Qg4 Kg7 23. Kd2 Qb6 24. Re1 b4 25. c4 Qa5 26. Bd3 b3+ 27. Ke2 Qxa2 28. Qxg6+ Kxg6 29. Reg1+ Kf6 0-1

[Event "DM Hurtigskak 2024"]
[Site "Helsingor"]
[Date "2024.08.31"]
[Round "7.4"]
[White "Thybo, Jesper Sondergaard"]
[Black "Wahlgreen, Noah Krug"]
[Result "1-0"]
[WhiteElo "2484"]
[BlackElo "2025"]
[WhiteFideId "1438832"]
[BlackFideId "1457349"]
[EventDate "2024.08.31"]
[EventType "swiss"]
[EventRounds "9"]
[EventCountry "DEN"]
[SourceTitle "Live v. Kasper Jerwiarz"]

1. Nf3 d5 2. g3 Nf6 3. Bg2 e6 4. O-O Be7 5. d4 O-O 6. c4 b6 7. cxd5 exd5 8. Nc3 c6 9. Bf4 Bf5 10. Ne5 Nfd7 11. e4 dxe4 12. Nxe4 Nxe5 13. dxe5 Na6 14. a3 Qc8 15. Rc1 Bxe4 16. Bxe4 Nc5 17. Bg2 Rd8 18. Qf3 Qf5 19. Qxc6 Rac8 20. Qf3 Rd3 21. Qe2 Rcd8 22. Rfd1 Qd7 23. Bf3 Nb3 24. Qxd3 Qxd3 25. Rxd3 Rxd3 26. Rc8+ Rd8 27. Rc7 Bc5 28. Bh5 g6 29. Bg5 Re8 30. Bd1 Nd4 31. Bf6 a5 32. Ba4 Rf8 33. Bd7 Nf3+ 34. Kg2 Ne1+ 35. Kf1 Nf3 36. e6 Nxh2+ 37. Kg2 Ng4 38. exf7+ Kxf7 39. Bc3 Nxf2 40. b4 axb4 41. axb4 Bd6 42. Rb7 Ke7 43. Bb5+ Kd8 44. Rd7+ Kc8 45. Rxd6 Ne4 46. Rc6+ Kb7 47. Bd4 1-0

[Event "DM Hurtigskak 2024"]
[Site "Helsingor"]
[Date "2024.08.31"]
[Round "7.5"]
[White "Molvig, Henrik"]
[Black "Hove, Esben Kjems"]
[Result "1/2-1/2"]
[WhiteElo "2125"]
[BlackElo "2305"]
[WhiteFideId "1402625"]
[BlackFideId "1401505"]
[EventDate "2024.08.31"]
[EventType "swiss"]
[EventRounds "9"]
[EventCountry "DEN"]
[SourceTitle "Live v. Kasper Jerwiarz"]

1. d4 d5 2. c4 c6 3. Nf3 Nf6 4. Nc3 dxc4 5. a4 Bf5 6. Ne5 Nbd7 7. Nxc4 Qc7 8. g3 e5 9. dxe5 Nxe5 10. Bf4 Nfd7 11. Bg2 f6 12. O-O Rd8 13. Nxe5 Nxe5 14. Qb3 Qb6 15. Qxb6 axb6 16. a5 bxa5 17. Rxa5 Bd6 18. Ra7 Bc8 19. Ne4 Bc7 20. b4 Bb6 21. Ra8 Ke7 22. Bxe5 fxe5 23. e3 Bg4 24. Rxd8 Rxd8 25. Rb1 Rd1+ 26. Rxd1 Bxd1 27. Kf1 Bb3 28. Ke2 Bd5 29. Kd3 h6 30. Bh3 Bc7 31. Bc8 b6 32. Nc3 Bg2 33. Ne4 Kf8 34. Bb7 Bf1+ 35. Kc3 Bb5 36. Kb3 Ke7 37. Nc3 Kd6 1/2-1/2

[Event "DM Hurtigskak 2024"]
[Site "Helsingor"]
[Date "2024.08.31"]
[Round "7.6"]
[White "Hector, Jonny"]
[Black "Gregor, Bjarke"]
[Result "1-0"]
[WhiteElo "2498"]
[BlackElo "2109"]
[WhiteFideId "1700090"]
[BlackFideId "1423401"]
[EventDate "2024.08.31"]
[EventType "swiss"]
[EventRounds "9"]
[EventCountry "DEN"]
[SourceTitle "Live v. Kasper Jerwiarz"]

1. e4 c6 2. Nc3 d5 3. Nf3 dxe4 4. Nxe4 Nf6 5. Qe2 Nxe4 6. Qxe4 Qa5 7. Qf4 Qf5 8. Qe3 Nd7 9. Bd3 Qc5 10. b3 Qxe3+ 11. fxe3 Nc5 12. Be2 Bf5 13. d3 e6 14. Bb2 a5 15. a4 Bg6 16. Ne5 f6 17. Nxg6 hxg6 18. d4 Ne4 19. Bc4 Bb4+ 20. Ke2 Bc3 21. Bxc3 Nxc3+ 22. Kd3 Nd5 23. e4 Nf4+ 24. Kd2 Ke7 25. g3 Nh3 26. Ke3 Rad8 27. Rab1 Rh5 28. b4 Rd7 29. Be2 Rg5 30. Bf1 Rh5 31. bxa5 g5 32. Be2 Rh8 33. Rb6 f5 34. Rhb1 f4+ 35. Kf3 Kf6 36. e5+ Kg6 37. Bd3+ Kh5 38. g4+ Kh4 39. Rxb7 Rxd4 40. Rxg7 Rxa4 41. Rbb7 Ng1+ 42. Kg2 f3+ 43. Kxg1 Kxg4 44. Rh7 Rf8 45. Kf2 Rxa5 46. Rbf7 Rxf7 47. Rxf7 Rxe5 48. Rxf3 c5 49. Rg3+ Kh5 50. Rh3+ Kg4 51. Rh8 Rd5 52. h3+ Kf4 53. Rf8+ Ke5 54. Ke3 Rd4 55. Rg8 Rh4 56. Rxg5+ Kf6 57. Rxc5 Rxh3+ 58. Kd4 Rh4+ 59. Be4 Rh2 60. Rc8 Rd2+ 61. Bd3 e5+ 62. Ke3 Rh2 63. Rc6+ Kg5 64. Ke4 1-0

[Event "DM Hurtigskak 2024"]
[Site "Helsingor"]
[Date "2024.08.31"]
[Round "7.7"]
[White "Jacobsen, Mikkel Manosri"]
[Black "Christensen, Janus"]
[Result "0-1"]
[WhiteElo "2262"]
[BlackElo "2099"]
[WhiteFideId "1444514"]
[BlackFideId "1408402"]
[EventDate "2024.08.31"]
[EventType "swiss"]
[EventRounds "9"]
[EventCountry "DEN"]
[SourceTitle "Live v. Kasper Jerwiarz"]

1. c4 b6 2. Nc3 Bb7 3. d4 e6 4. a3 f5 5. d5 Nf6 6. g3 Be7 7. Bg2 O-O 8. Nf3 a5 9. O-O Na6 10. Nd4 Nc5 11. dxe6 Bxg2 12. Kxg2 dxe6 13. Bf4 Qd7 14. f3 Rad8 15. Ndb5 Qc6 16. Qc2 Bd6 17. Nxd6 cxd6 18. b4 Nb7 19. Qb3 Rc8 20. Na4 e5 21. Be3 Qxc4 22. Qxc4+ Rxc4 23. Nxb6 Rc2 24. Kf2 d5 25. Rfc1 Rxc1 26. Rxc1 d4 27. Bg5 axb4 28. axb4 Nd6 29. Bxf6 Rxf6 30. Nd7 Re6 31. Rc6 Ne4+ 32. fxe4 Rxc6 33. b5 Rd6 34. Nxe5 fxe4 35. Nc4 e3+ 36. Kf3 Rd5 37. b6 Rd7 38. Na5 Rd5 39. b7 Rb5 40. Ke4 Rb4 41. b8=Q+ Rxb8 42. Kxd4 Rb1 43. Kxe3 Rh1 44. h4 Kf7 45. Nb3 Kf6 46. Ke4 Rg1 47. Kf3 Ke5 48. e3 Kd5 49. Nd4 Rf1+ 50. Ke2 Rf8 51. Kd3 Ra8 52. e4+ Ke5 53. Nf3+ Kf6 54. Ke3 h6 55. Kf4 Ra5 56. g4 g5+ 57. hxg5+ hxg5+ 58. Ke3 Ra3+ 59. Kf2 Ra4 60. Ke3 Ra2 61. e5+ Kg6 62. Nd4 Rg2 63. Kf3 Rd2 64. Ke3 Ra2 65. Ke4 Rf2 66. Ne6 Rf1 67. Ke3 Re1+ 68. Kd4 Rg1 69. Kd5 Rxg4 70. Nd4 Kf7 71. e6+ Ke8 72. Nf5 Rg1 73. Ke5 g4 74. Nd6+ Kf8 75. Kf6 Rf1+ 76. Kg5 g3 0-1

[Event "DM Hurtigskak 2024"]
[Site "Helsingor"]
[Date "2024.08.31"]
[Round "7.8"]
[White "Pedersen, Gunnar"]
[Black "Larsen, Karsten"]
[Result "0-1"]
[WhiteElo "2187"]
[BlackElo "2235"]
[WhiteFideId "1407414"]
[BlackFideId "1404288"]
[EventDate "2024.08.31"]
[EventType "swiss"]
[EventRounds "9"]
[EventCountry "DEN"]
[SourceTitle "Live v. Kasper Jerwiarz"]

1. e4 e5 2. d4 exd4 3. Qxd4 Nc6 4. Qd3 Nf6 5. Nc3 Bb4 6. Bd2 O-O 7. O-O-O Re8 8. f3 d6 9. Bg5 Be6 10. Kb1 Bxc3 11. Qxc3 Nxe4 12. fxe4 Qxg5 13. Nf3 Qa5 14. Qxa5 Nxa5 15. e5 d5 16. Bb5 c6 17. Bd3 c5 18. c3 Nc6 19. Bb5 Rac8 20. Rhe1 Red8 21. Bd3 h6 22. h3 Re8 23. Re2 Re7 24. Rde1 a6 25. g4 b5 26. Bf5 Rb8 27. h4 b4 28. cxb4 Rxb4 29. Rc1 Rb5 30. Rd1 Reb7 31. Rc1 Ra5 32. Rd2 Rb4 33. Bxe6 fxe6 34. g5 Rf4 35. Rf1 Nxe5 0-1

[Event "DM Hurtigskak 2024"]
[Site "Helsingor"]
[Date "2024.08.31"]
[Round "7.9"]
[White "Rosenlund, Thorbjorn"]
[Black "Sorensen, Reto Utiger"]
[Result "1-0"]
[WhiteElo "2121"]
[BlackElo "2049"]
[WhiteFideId "1400614"]
[BlackFideId "1426664"]
[EventDate "2024.08.31"]
[EventType "swiss"]
[EventRounds "9"]
[EventCountry "DEN"]
[SourceTitle "Live v. Kasper Jerwiarz"]

1. Nf3 Nf6 2. c4 c5 3. e3 Nc6 4. d4 cxd4 5. exd4 d5 6. Nc3 Bf5 7. cxd5 Nxd5 8. Qb3 Ndb4 9. d5 Nc2+ 10. Kd1 Nxa1 11. Qxb7 Rc8 12. Bb5 Bd7 13. Bf4 e6 14. Ke2 exd5 15. Nxd5 Nc2 16. Nc7+ Rxc7 17. Bxc7 Qe7+ 18. Kd2 Qb4+ 19. Kxc2 Qc5+ 20. Kb1 Be7 21. Bxc6 Qxc6 22. Qb8+ 1-0